000 00894nam a2200265 i 4500
001 bg
245 7 0 _aAnaliza elementów konstrukcyjnych metodami nośności granicznej /
_cMarian Dudziak [i in.].
260 _aPoznań :
_bWydaw. PP,
_c1995.
300 _a262 s. :
_brys., wykr. ;
_c24 cm.
504 _aBibliogr. s. 256-262.
650 9 _aNaprężenia i odkształcenia
_xbadanie
_xmetody
650 9 _aKonstrukcje
_xmechanika
_xbadanie
_xmetody
650 9 _aPlastyczność
_xzagadnienia
650 9 _aWytrzymałość materiałów
_xbadanie
_xmetody
650 9 _aAnaliza matematyczna
_xstosowanie
_xtechnika
650 9 _aAnaliza numeryczna
_xstosowanie
_xtechnika
700 1 _aDudziak, Marian
_d(1941- ).
020 _a8371431368
040 _cBPK
041 0 _apl
080 _a621.01:539.3/.6
920 _a83-7143-136-8
942 _cKS
008 s pl f |000 0 pol
999 _c30521
_d30521
856 _uhttp://koha.tu.koszalin.pl/cgi-bin/koha/opac-detail.pl?biblionumber=30521
_yKatalog online BPK